Central Library OPAC University of Rajshahi
Normal view MARC view

Entry Personal Name

Number of records used in: 5

001 - CONTROL NUMBER

  • control field: 13496

003 - CONTROL NUMBER IDENTIFIER

  • control field: BD-RjUL

005 - DATE AND TIME OF LATEST TRANSACTION

  • control field: 20240911120121.0

008 - FIXED-LENGTH DATA ELEMENTS

  • fixed length control field: 240911|| aca||aabn | a|a d

040 ## - CATALOGING SOURCE

  • Original cataloging agency: BD-RjUL
  • Transcribing agency: BD-RjUL

100 ## - HEADING--PERSONAL NAME

  • Personal name: Bakar, Shaikh Abu

670 ## - SOURCE DATA FOUND

  • Source citation: Work cat.: (BD-RjUL)83989: Bakar, Shaikh Abu, Inventory Management in Jute Mills Under Khulna Zone in Bangladesh for the Period from 1973-74 to 1981-82 /, 1987